000 00344nam a2200145Ia 4500
008 221030s9999 xx 000 0 und d
041 _aEnglish
082 _a105.23
100 _aK. V. V. Murthy
245 0 _aBasic Circuit Analysis
_cby K. V. V. Murthy, M. S. Kamath
260 _c0
650 _aB
700 _aM. S. Kamath
942 _cBK
999 _c10833
_d10833